000 01322naa a22003137a 4500
001 BR9605888
003 BR-BrBNA
005 20240918181543.0
007 ta
008 230509b bl.||||| |||| 00| 0 por d
040 _aBR-BrBNA
_bpor
_cBiblioteca Nacional de Agricultura
041 _a(En)
072 _aF40
_b1954
090 _aF40 BR9605888
100 1 _aJones, P.G.
100 1 _aRebgetz, R.
100 1 _aMaas, B.L.
100 1 _aKerridge, P.C.
111 1 _a8. Simposio sobre o Cerrado
_cBrasilia, DF (Brazil)
_d24-29 Mar 1996
245 1 _aGenetic diversity in Stylosanthes species: a gis mapping approach
260 3 _aPlanaltina, DF (Brasil):
_c1996.
500 _aPereira, R.C.; Nasser, L.C.B.(eds.) 8. Simposio sobre o Cerrado. Anais. Biodiversidade e producao sustentavel de alimentos e fibras nos cerrados Planaltina, DF (Brasil): 1996. p. 186-189 (BR9605888-AM)F40
650 _aStilosante
650 _aClima
650 _aCerrado
773 0 _t8. Simposio sobre o Cerrado. Anais. Biodiversidade e producao sustentavel de alimentos e fibras nos cerrados
_aPereira, R.C.; Nasser, L.C.B.(eds.). Centro de Pesquisa Agropecuaria dos Cerrados, Planaltina, DF (Brasil)
_wF40 BR9605888
_gPlanaltina, DF (Brasil), 1996. p. 186-189
909 _a202404
_bLucia
_c55
_dLucia Elande
942 _cAM
_2AGRIS
999 _c325794
_d325794